| 000 | 00631nam a22001817a 4500 | ||
|---|---|---|---|
| 082 |
_a624.154 _bWAV _cD |
||
| 110 |
_aG.R.L and A Inc. _942644 |
||
| 245 |
_aWeap 86 wave equation analysis of pile foundations / _cG.R.L and A Inc. |
||
| 260 |
_aUS : _bUS Department of Transportation Federal Highway Administration _c1986 |
||
| 300 | _aiii, 61 p. : | ||
| 526 |
_a0 _b0 _c0 _d624_154000000000000_WAV |
||
| 526 |
_a0 _b0 _c0 _d624_154000000000000_WAV |
||
| 526 |
_a0 _b0 _c0 _d624_154000000000000_WAV |
||
| 526 |
_a0 _b0 _c0 _d624_154000000000000_WAV |
||
| 526 |
_a0 _b0 _c0 _d624_154000000000000_WAV |
||
| 650 |
_aMCE _9379 |
||
| 942 |
_2ddc _cBK |
||
| 999 |
_c546497 _d546497 |
||